000 00716nam a2200253Ia 4500
003 OSt
005 20220925235659.0
006 a|||||r|||| 00| 0
007 ta
008 220923b |||||||| |||| 00| 0 eng d
020 _a8183562477
037 _cGeneral Book
040 _aRTL
_cRTL
_beng
041 _2eng
_aeng
082 _aX9(J):6-77, P7
100 _aNARASAIAH M Lakshmi
_9258086
245 0 _aMicrocredit and agricultural development
260 _a New Delhi
_bDiscovery Publishing
_c2007
300 _a207p
_ccm.
500 _aBibliography: P 191-201
650 _aAGRICULTURE
_927
942 _hX9(J):6-77, P7
_cGB
_2CC
999 _c597692
_d597692